Gramática. Nivel avanzado B2.
Gespeichert in:
| 1. Verfasser: | |
|---|---|
| Weitere Verfasser: | , |
| Format: | Unbekannt |
| Veröffentlicht: |
España:
Anaya,
2023.
|
| Ausgabe: | 3ª edición |
| Schriftenreihe: | Anaya ELE
|
| Schlagworte: | |
| Tags: |
Tag hinzufügen
Keine Tags, Fügen Sie den ersten Tag hinzu!
|
MARC
| LEADER | 00000 a2200000 4500 | ||
|---|---|---|---|
| 003 | CL-VaPUC | ||
| 005 | 20240807103500.0 | ||
| 008 | 240715t2023 ||||| |||| 00| 0 eng d | ||
| 999 | |c 443872 |d 443870 | ||
| 020 | |a 978-84-678-6870-8 | ||
| 040 | |c Pontificia Universidad Católica de Valparaíso | ||
| 082 | 7 | |2 22 |a 465 MOR 2023 | |
| 100 | |a Moreno García, Concha |9 889364 |e autora | ||
| 245 | |a Gramática. Nivel avanzado B2. | ||
| 250 | |a 3ª edición | ||
| 260 | |a España: |b Anaya, |c 2023. | ||
| 300 | |a 262 páginas | ||
| 490 | |a Anaya ELE | ||
| 583 | |k GC |c 20240715 | ||
| 650 | 0 | |9 872413 |a Lengua española |x Gramática |x Sustantivos |x Verbos | |
| 650 | 0 | |9 890126 |a Spanish language |x Grammar |x Noun |x Verb | |
| 700 | |9 890153 |a Hernández Alcaide, Carmen |e autora | ||
| 700 | |9 890154 |a Miki Kondo, Clara |e autora | ||
| 942 | |2 ddc |c BK | ||
| 952 | |0 0 |1 0 |2 ddc |4 0 |6 465_000000000000000_MOR_2023 |7 0 |8 A |9 595574 |a BIBGIM |b BIBGIM |d 2024-07-12 |e 13 |g 22324.00 |i 5662214 |o 465 MOR 2023 |p 5662214 |r 2025-01-15 |t 1 |v 22324.00 |w 2024-07-12 |y BK |k ELE | ||